USWNT 2019 Quiz - Statistics

General Stats
  • This quiz has been taken 879 times
  • The average score is 16 of 23
Answer Stats
Number Player % Correct
13 Alex Morgan
92%
17 Tobin Heath
87%
23 Christen Press
86%
15 Megan Rapinoe
83%
1 Alyssa Naeher
82%
10 Carli Lloyd
82%
5 Kelley O'Hara
77%
8 Julie Ertz
73%
9 Lindsey Horan
73%
2 Mallory Pugh
72%
16 Rose Lavelle
71%
11 Ali Krieger
70%
18 Ashlyn Harris
70%
19 Crystal Dunn
69%
3 Samantha Mewis
68%
21 Adrianna Franch
63%
4 Becky Sauerbrunn
62%
7 Abby Dahlkemper
61%
14 Emily Sonnett
59%
20 Allie Long
55%
6 Morgan Brian
55%
12 Tierna Davidson
55%
22 Jessica McDonald
53%
No matching quizzes found
Score Distribution
Percent of People with Each Score
Percentile by Number Answered
Your Score History
You have not taken this quiz